| Tag |
First Indicator |
Second Indicator |
Subfields |
| LEADER |
00000cam a2200000 4500 |
| 001 |
in00000054726 |
| 005 |
20151008052107.0 |
| 008 |
741210s1964 nyu b 00000 eng u |
| 010 |
|
|
|a 63022553
|
| 035 |
|
|
|a (OCoLC)01105827
|
| 035 |
|
|
|9 AAH1634AM
|
| 040 |
|
|
|c IYU
|d TXA
|d UtOrBLW
|
| 049 |
|
|
|a TXAM
|c [369486]
|
| 050 |
0 |
0 |
|a UG447
|b .R7
|
| 082 |
0 |
|
|a 358.34
|
| 092 |
|
|
|a 358.34
|b R847t
|
| 100 |
1 |
|
|a Rothschild, Jacquard Hirshorn,
|d 1907-
|
| 245 |
1 |
0 |
|a Tomorrow's weapons :
|b chemical and biological /
|c by J. H. Rothschild.
|
| 250 |
|
|
|a 1st ed.
|
| 264 |
|
1 |
|a New York :
|b McGraw-Hill,
|c [1964]
|
| 264 |
|
4 |
|c ©1964
|
| 300 |
|
|
|a xv, 271 pages :
|b maps. ;
|c 22 cm.
|
| 336 |
|
|
|a text
|b txt
|2 rdacontent
|
| 337 |
|
|
|a unmediated
|b n
|2 rdamedia
|
| 338 |
|
|
|a volume
|b nc
|2 rdacarrier
|
| 500 |
|
|
|a Library copy identical to one formerly in the Hazard Reduction and Recovery Center (HRRC) Library.
|
| 504 |
|
|
|a Bibliography: pages 251-257.
|
| 650 |
|
0 |
|a Chemical warfare.
|
| 650 |
|
0 |
|a Biological warfare.
|
| 999 |
|
|
|a MARS
|
| 999 |
f |
f |
|s 5907e5ba-0242-3c56-931a-0be3d29e881a
|i af9e8dc9-285a-3bcc-84fd-266a0a917351
|t 0
|